Statistics for Movies by Clue Quiz #4

Click here to take the quiz!

General Stats

  • This quiz has been taken 18,465 times
  • The average score is 12 of 22

Answer Stats

CluesMovie% Correct
Shag, Laser sharks, FembotsAustin Powers
84%
Motel, Shower, Multiple PersonalitiesPsycho
78%
Time of Our Life, Baby in a corner, CatskillsDirty Dancing
70%
One time at band camp, Tara Reid, FinchAmerican Pie
69%
Dance on a Keyboard, Zoltar, Man-childBig
68%
Southern belle, Frankly my dear, Margaret MitchellGone with the Wind
68%
Plastics, Pink on Wednesdays, Tina FeyMean Girls
66%
Beauty School Dropout, Flying car, T-Birds and ScorpionsGrease
66%
Chicago Art Museum, Truancy, Life moves pretty fastFerris Bueller's Day Off
58%
R.O.U.S., Inigo Montoya, MawwiageThe Princess Bride
54%
Flesh wound, Unladen swallow, NiMonty Python and the Holy Grail
54%
As Time Goes By, Gin joint, Ilsa LundCasablanca
54%
Detroit, Buy that for a dollar, Enforcement droid 209Robocop
52%
Colorado, All work and no play, Kid with ESPThe Shining
47%
There goes Tokyo, Kaiju, Nuclear metaphorGodzilla
44%
Give these people air, Mars, Three-breasted womanTotal Recall
39%
'Nam, Russian Roulette, Christopher WalkenThe Deer Hunter
39%
Beethoven, Milk plus, Violent droogsA Clockwork Orange
38%
Siri of the Future, AI romance, BeautifulHandwrittenLetters.comHer
37%
Prawns, Apartheid with Aliens, Neill BlomkampDistrict 9
37%
Cancer, Amsterdam, John GreenThe Fault in Our Stars
35%
Faun, Spanish Civil War, MazePan's Labyrinth
34%

Score Distribution

Percentile by Number Answered

Percent of People with Each Score

Your Score History

You have not taken this quiz